000 01123nam a2200301 4500
001 0000017417
003 CO-CtgCURN
005 20250429224118.0
007 ta
008 160627s1999 000 0 eng d
020 _a9586760774
040 _aCO-CtgCURN
_bspa
_ccoctgcurn
082 0 _a350.986
_bL19p
100 1 _aLamprea Rodríguez, Pedro Antonio.
245 1 0 _aPractica contenciosa y administrativa /
_cPedro Antonio Lamprea Rodríguez.
250 _a2a ed.
260 _aBogotá :
_bEdiciones Doctrina y Ley,
_c1999.
300 _a1396 p.
336 _2rdacontent
337 _2rdamedia
_asin mediacion
_bn
338 _2rdacarrier
_avolumen
_bnc
500 _aIncluye indice.
505 8 _aFundamentos constitucionales de la legalidad.--De la protección y aplicacción de los derechos.--Actividad administrativa publica.--Procedimientos administrativos.--Actuacion administrativa de los organos del estado.--Derecho de peticion
650 1 4 _aLey 446 de 1998.
908 _a160627
942 _cBK
_h350.986
_iL19p
_2ddc
999 _c39303
_d39303